=LDR 00000nam 2200000 4500 =001 NUTBA000000000004012 =005 20141021172218.0 =006 =007 =008 =020 ##$$a 978-602-8489-54-6 =035 ##$$a 0010-091400000000045 =040 ##$$a NBPDMAT =082 ##$$a 362.293 =084 ##$$a 362.293 Wen m =100 ##$$a Weni Rahayu =245 ##$$a Mengenal Jenis dan bahaya narkoba / $c Weni Rahayu =260 ##$$a Jakarta : $b Mediantara Semesta, $c 2009 =300 ##$$a iv, 71 hlm. : $b ilus. ; $c 25 cm. =500 ##$$a Bibliografi : hlm. 71 =650 ##$$a narkotika =990 ##$$a 21409812 =990 ##$$a 0001/BPAP-NTB/20142014 =990 ##$$a 0001/BPAP-NTB/20142014 =990 ##$$a 0001/BPAP-NTB/20142014 =990 ##$$a 0001/BPAP-NTB/20142014 =990 ##$$a 0001/BPAP-NTB/20142014 =990 ##$$a 0001/BPAP-NTB/20142014